Epidemiology and demography in public health / (Record no. 32520)

000 -LEADER
fixed length control field 00573nam a22001697a 4500
008 - FIXED-LENGTH DATA ELEMENTS--GENERAL INFORMATION
fixed length control field 260612b |||||||| |||| 00| 0 eng d
020 ## - INTERNATIONAL STANDARD BOOK NUMBER
International Standard Book Number 9780123822000
050 ## - LIBRARY OF CONGRESS CALL NUMBER
Classification number RA 651
Item number .E65 2010
245 ## - TITLE STATEMENT
Title Epidemiology and demography in public health /
Statement of responsibility, etc. edited by Japhet Killewo...[et al.].
300 ## - PHYSICAL DESCRIPTION
Extent xv, 492p, :
Other physical details ill. ;
Dimensions 26 cm.
504 ## - BIBLIOGRAPHY, ETC. NOTE
Bibliography, etc includes bibliographical references and index.
650 ## - SUBJECT ADDED ENTRY--TOPICAL TERM
Topical term or geographic name as entry element Epidemiology.
700 ## - ADDED ENTRY--PERSONAL NAME
Personal name Killewo, Japhet
700 ## - ADDED ENTRY--PERSONAL NAME
Personal name Heggenhougen, H.K.
700 ## - ADDED ENTRY--PERSONAL NAME
Personal name Quah, Stella R.
942 ## - ADDED ENTRY ELEMENTS (KOHA)
Source of classification or shelving scheme
Classification part RA 651 .E65 2010
Koha item type Hard Covered Materials
Holdings
Withdrawn status Lost status Source of classification or shelving scheme Damaged status Not for loan Home library Current library Shelving location Date acquired Source of acquisition Total Checkouts Full call number Barcode Date last seen Price effective from Koha item type
          MACHAKOS UNIVERSITY LIBRARY MACHAKOS UNIVERSITY LIBRARY Open shelf 04/06/2026 KNTCC   RA 651 .E65 2010 40632 12/06/2026 12/06/2026 Hard Covered Materials
© Machakos University Library, Along The Highway, Machakos Wote Rd, Machakos, Kenya P.O. Box 136 - 90100 Machakos - Kenya

Tel: ( +254 ) 723 805829 OR Fax : 044-20353 OR Email: library@mksu.ac.ke